[Event "Ch Croatia (team) (2nd league)"]
[Site "masterchessopen.com Zagreb (Croatia)"]
[Date "2011.03.27"]
[Round "4"]
[White "Stefan Kresimir (CRO)"]
[Black "Jelecevic Ivo (CRO)"]
[Result "1-0"]
[WhiteElo "2221"]
[BlackElo "2183"]

1.d4 d5 2.Nf3 Nf6 3.g3 c6 4.Bg2 e6 5.O-O Nbd7 6.Nbd2 Be7 7.c4 O-O 8.Qc2 Re8
9.e4 dxe4 10.Nxe4 Nxe4 11.Qxe4 Bf6 12.Ne5 Nxe5 13.dxe5 Be7 14.Be3 Qc7 15.Rfd1
c5 16.Rd2 Rb8 17.Rad1 a6 18.h4 Bf8 19.Bg5 Be7 20.Be3 Bf8 21.h5 Re7 22.Rd8 b6
23.Rxf8+ Kxf8 24.Qxh7 f5 25.Rd8+ Qxd8 26.Qh8+ Kf7 27.Qxd8 Rd7 28.Qg5 Rd1+
29.Kh2 Bd7 30.Qg6+ {#r} 1-0

[Event "Ch Hessen (juniors) (under 16)"]
[Site "masterchessopen.com Bad Homburg (Germany)"]
[Round "8"]
[White "Hoepfner Tim (GER)"]
[Black "Brandl Lea Maria (GER)"]
[Result "1-0"]
[WhiteElo "1967"]
[BlackElo "1542"]

1.d4 d5 2.c4 e6 3.Nf3 Nf6 4.g3 Nbd7 5.Nbd2 Be7 6.Bg2 c6 7.Qc2 O-O 8.O-O b6
9.e4 dxc4 10.Nxc4 c5 11.Rd1 Qc7 12.Bf4 Qc6 13.Nfe5 Nxe5 14.Nxe5 Qe8 15.Rac1
Bb7 16.Nc4 Qc6 17.d5 exd5 18.exd5 Qd7 19.d6 Bd8 20.Ne5 Qc8 21.d7 Nxd7 22.Bxb7
Qxb7 23.Rxd7 Qa6 24.Qb3 Rc8 25.Qd5 {#r} 1-0

[Event "It (open)"]
[Site "masterchessopen.com Medellin (Colombia)"]
[Round "8"]
[White "Castrillon Melissa (COL)"]
[Black "Narvaez Faber Alberto (COL)"]
[Result "1-0"]
[WhiteElo "2105"]
[BlackElo "2176"]

1.d4 d5 2.c4 e6 3.Qc2 c6 4.g3 Nd7 5.Bg2 Be7 6.Nf3 Ngf6 7.O-O O-O 8.Nbd2 b6
9.b3 Bb7 10.Bb2 Rc8 11.Rad1 Qc7 12.e4 dxe4 13.Ng5 h6 14.Ngxe4 Rfd8 15.Rfe1 Qb8
16.Nc3 g6 17.Qd3 Bf8 18.a3 Bg7 {#r} 1-0

[Event "Tournament (weekend) (a)"]
[Site "masterchessopen.com Ceriano Laghetto (Italy)"]
[Date "2011.04.02"]
[Round "3"]
[White "Quaranta Cristiano (ITA)"]
[Black "Radice Luca (ITA)"]
[Result "1-0"]
[WhiteElo "2130"]
[BlackElo "1997"]

1.d4 d5 2.Nf3 Nf6 3.c4 e6 4.g3 Be7 5.Bg2 c6 6.O-O O-O 7.Qc2 Nbd7 8.Nbd2 b6
9.e4 Bb7 10.e5 Ne8 11.cxd5 cxd5 12.Re1 Nc7 13.Qa4 a5 14.Nf1 b5 15.Qd1 b4 16.h4
a4 17.N1h2 Nb6 18.Ng4 Nc4 19.Bf1 Nb5 20.Bd3 a3 21.bxa3 Ncxa3 22.Ng5 Bxg5
23.Bxg5 f6 24.exf6 gxf6 25.Nxf6+ Rxf6 26.Rxe6 Rxe6 27.Bxd8 Rxd8 28.Qg4+ Kf7
29.Qf5+ Rf6 30.Qxh7+ Kf8 31.Qh8+ Kf7 32.Qxd8 {#r} 1-0

[Event "Czech League 2010/11 (2nd) (f)"]
[Site "masterchessopen.com Czech Republic"]
[Date "2011.04.10"]
[Round "11"]
[White "Kvicala Miroslav (CZE)"]
[Black "Vicenec Roman (CZE)"]
[Result "1-0"]
[WhiteElo "2028"]
[BlackElo "2037"]

1.d4 d5 2.c4 e6 3.g3 Nf6 4.Bg2 Be7 5.Nf3 O-O 6.O-O Nbd7 7.Nbd2 c6 8.Qc2 Re8
9.e4 dxe4 10.Nxe4 Nxe4 11.Qxe4 Nf6 12.Qe2 a5 13.Rd1 a4 14.Ne5 Qa5 15.Bd2 Qa6
16.Bc3 Bd7 17.g4 Rad8 18.g5 Nd5 19.Qh5 g6 20.Qf3 f6 21.Nxd7 Nxc3 22.Nxf6+ Kg7
23.Nxe8+ {#r} 1-0

[Event "Ch City"]
[Site "masterchessopen.com Novokuznetsk (Russia)"]
[Round "2"]
[White "Lavrov Sergey V (RUS)"]
[Black "Sergeev Albert (RUS)"]
[Result "1-0"]
[WhiteElo "2373"]
[BlackElo "2318"]

1.d4 Nf6 2.Nf3 e6 3.g3 d5 4.Bg2 Be7 5.O-O O-O 6.c4 Nbd7 7.Qc2 c6 8.Nbd2 b5
9.c5 e5 10.Nxe5 Nxe5 11.dxe5 Nd7 12.Nf3 Nxc5 13.Be3 Na4 14.Qxc6 Bd7 15.Qxd5
Nxb2 16.Nd4 Nc4 17.Qxa8 Qxa8 18.Bxa8 Nxe3 19.fxe3 Rxa8 20.Rac1 Bh3 21.Rfd1 b4
22.Nc6 Bg5 23.Kf2 a5 24.Rd5 a4 25.e6 fxe6 26.Rxg5 b3 27.axb3 {#r} 1-0

[Event "Ch Hessen (seniors) (open)"]
[Site "masterchessopen.com Bad Sooden-Allendorf (Germany)"]
[Date "2011.05.08"]
[Round "9"]
[White "Nagorni Walter (GER)"]
[Black "Schmidt Gerhard (GER)"]
[Result "0-1"]
[WhiteElo "2108"]
[BlackElo "2233"]

1.Nf3 d5 2.d4 Nf6 3.c4 e6 4.g3 c6 5.Bg2 Nbd7 6.O-O Be7 7.Qc2 O-O 8.Nbd2 b5
9.b3 bxc4 10.bxc4 Ba6 11.Rd1 Qa5 12.Ne5 Rac8 13.Nxd7 Nxd7 14.e4 Nb6 15.c5 Qa4
16.Qxa4 Nxa4 17.exd5 cxd5 18.Nb3 Bf6 19.Be3 Nc3 20.Re1 e5 21.Bf1 Bc4 22.dxe5
Bxe5 23.Bxc4 dxc4 24.Nd4 Nd5 25.Rab1 Nxe3 26.fxe3 Rxc5 27.Rec1 g6 28.Rb4 Rfc8
29.Kf1 h5 30.Ke2 Kg7 31.Nf3 Bf6 32.h3 g5 {#R} 0-1

[Event "Ch Ukraine (club)"]
[Site "masterchessopen.com Alushta (Ukraine)"]
[Date "2011.05.14"]
[Round "2"]
[White "Ledakov Alexandr (UKR)"]
[Black "Zheleznov Valentin (UKR)"]
[Result "0-1"]
[WhiteElo "2233"]
[BlackElo "2267"]

1.d4 d5 2.c4 e6 3.Nf3 Nf6 4.g3 Nbd7 5.Bg2 c6 6.Qc2 Be7 7.Nbd2 O-O 8.O-O b5
9.b3 Ba6 10.Re1 c5 11.cxd5 Nxd5 12.dxc5 Nxc5 13.Bb2 Rc8 14.Qb1 b4 15.Nc4 Bxc4
16.bxc4 Nc3 17.Bxc3 bxc3 18.Qc2 Qa5 19.Nd4 Bf6 20.Red1 Na4 21.Bh3 Qa6 22.Nb5
Rxc4 23.Qb3 Rc5 24.Nd4 Nb2 25.Nxe6 fxe6 26.Bxe6+ Kh8 27.Rd7 {#R} 0-1

[Event "It (open) (b)"]
[Site "masterchessopen.com Voronezh (Russia)"]
[Date "2011.06.15"]
[Round "4"]
[White "Latonin Mikhail (RUS)"]
[Black "Bobrov Igor (RUS)"]
[Result "1-0"]
[WhiteElo "1995"]
[BlackElo "2176"]

1.d4 Nf6 2.c4 e6 3.g3 d5 4.Bg2 c6 5.Nf3 Be7 6.O-O O-O 7.Qc2 Nbd7 8.Nbd2 Re8
9.e4 dxe4 10.Nxe4 Nxe4 11.Qxe4 Nf6 12.Qe2 c5 13.dxc5 Bxc5 14.Ne5 Qb6 15.Rd1
Bd4 16.Rb1 a5 17.Bf4 Bd7 18.Rxd4 Qxd4 19.Rd1 Qc5 20.Nxd7 Nxd7 21.Rxd7 Rad8
22.Rxb7 e5 23.Be3 Qc8 24.Rb5 e4 25.Rxa5 f5 26.h4 Rd3 27.Qc2 Red8 28.Bf1 Rd1
29.Kg2 g6 30.c5 Qc7 31.Bc4+ Kf8 32.Bh6+ Ke8 33.Qa4+ Ke7 34.Ra7 {#r} 1-0

[Event "It (open)"]
[Site "masterchessopen.com Pula (Croatia)"]
[Date "2011.06.21"]
[Round "4"]
[White "Bozinovic Bogdan (CRO)"]
[Black "Tjomsland Stig (NOR)"]
[Result "0-1"]
[WhiteElo "2207"]
[BlackElo "2370"]

1.d4 d5 2.c4 e6 3.Nf3 c6 4.Qc2 Nf6 5.g3 Nbd7 6.Bg2 Be7 7.O-O O-O 8.Nbd2 b6
9.Rd1 Ba6 10.b3 b5 11.c5 e5 12.e4 exd4 13.b4 Bb7 14.Bb2 dxe4 15.Nxd4 Nd5 16.a3
e3 17.N2b3 N7f6 18.Nf5 exf2+ 19.Qxf2 Ng4 20.Qe2 Bf6 21.Nxg7 Bxb2 22.Qxb2 Qg5
23.Bf3 Ne5 24.Bxd5 cxd5 25.Na5 Qxg7 26.Qg2 Bc8 27.Qxd5 Bg4 28.Rf1 Rad8 29.Qe4
Nf3+ {#R} 0-1

[Event "It \"]
[Site "masterchessopen.com Bad Homburg (Germany)"]
[Date "2011.06.25"]
[Round "5"]
[White "Hahn Florian (GER)"]
[Black "Schellen Sven (GER)"]
[Result "1-0"]
[WhiteElo "2028"]
[BlackElo "1769"]

1.d4 d5 2.c4 e6 3.g3 Nf6 4.Bg2 c6 5.Nf3 Nbd7 6.O-O Be7 7.Qc2 O-O 8.Nbd2 h6
9.e4 dxe4 10.Nxe4 Re8 11.Rd1 Bf8 12.Ne5 Nxe4 13.Bxe4 Nxe5 14.dxe5 Qe7 15.Be3
Qc7 16.f4 c5 17.Qa4 Rd8 18.Rxd8 Qxd8 19.Rd1 Qe7 20.Rd6 f5 21.Bf3 Qf7 22.Rd8
Kh7 23.Qe8 {#r} 1-0

[Event "Cup Youth (team)"]
[Site "masterchessopen.com Liptov (Slovakia)"]
[Date "2011.06.25"]
[Round "2"]
[White "Andriyanov Ivan (RUS)"]
[Black "Karas Marek (SVK)"]
[Result "1-0"]
[WhiteElo "1960"]
[BlackElo "1751"]

1.d4 Nf6 2.c4 e6 3.g3 d5 4.Bg2 c6 5.Nf3 Be7 6.O-O O-O 7.Nbd2 Nbd7 8.Qc2 b6
9.e4 dxe4 10.Nxe4 Bb7 11.Bf4 Nxe4 12.Qxe4 Nf6 13.Qe2 Bd6 14.Ne5 Qc7 15.b4 Nd7
16.c5 Bxe5 17.Bxe5 Nxe5 18.dxe5 a5 19.cxb6 Qxb6 20.bxa5 Rxa5 21.Qe4 Rb8
22.Rab1 Rb5 23.a4 Rxb1 24.Rxb1 Qc7 25.Qb4 h6 26.a5 Qxe5 27.a6 {#r} 1-0

[Event "Tournament (open)"]
[Site "masterchessopen.com Sterlitamak (Russia)"]
[Date "2011.06.30"]
[Round "4"]
[White "Makeev Nikolay (RUS)"]
[Black "Fakhretdinov Robert (RUS)"]
[Result "0-1"]
[WhiteElo "2046"]
[BlackElo "2368"]

1.d4 e6 2.c4 Nf6 3.Nf3 d5 4.g3 Be7 5.Bg2 O-O 6.O-O Nbd7 7.Nbd2 c6 8.Qc2 b6
9.e4 Bb7 10.e5 Ne8 11.b3 Rc8 12.Re1 Qc7 13.Bb2 Qb8 14.cxd5 cxd5 15.Qd3 Nc7
16.Rac1 a5 17.Bf1 Ba6 18.Rxc7 Bxd3 19.Rxd7 {#R} 0-1

[Event "Ch Czech Republic (team) (open)"]
[Site "masterchessopen.com Pardubice (Czech Republic)"]
[Date "2011.07.14"]
[Round "1"]
[White "Goriatchkin Jouri (RUS)"]
[Black "Kabelka Ondrej (CZE)"]
[Result "1-0"]
[WhiteElo "2311"]
[BlackElo "1420"]

1.d4 d5 2.c4 e6 3.Nf3 Nf6 4.g3 Be7 5.Bg2 c6 6.Qc2 Nbd7 7.O-O O-O 8.Nbd2 b6
9.e4 Ba6 10.b3 Rc8 11.Bb2 c5 12.exd5 exd5 13.Rfe1 Re8 14.Rad1 Qc7 15.Qf5 dxc4
16.bxc4 cxd4 17.Nxd4 Bc5 18.Nb5 Bxb5 19.cxb5 Bb4 20.Rxe8+ Rxe8 21.Ne4 Be7
22.Rc1 Qd8 23.Nc3 Nc5 24.Bc6 Rf8 25.Rd1 Qc8 26.Qe5 Qe6 27.Qxe6 Nxe6 28.Ne2 Rd8
29.Rxd8+ Nxd8 30.Be5 Ng4 31.Bb8 a6 32.Bf3 Nf6 33.bxa6 {#r} 1-0

[Event "It (open)"]
[Site "masterchessopen.com Condino (Italy)"]
[Date "2011.07.26"]
[Round "3"]
[White "Simoncini Francesco (ITA)"]
[Black "Pichler Christoph (ITA)"]
[Result "1-0"]
[WhiteElo "1627"]
[BlackElo "1884"]

1.d4 d5 2.c4 e6 3.Nf3 Nf6 4.g3 c6 5.Bg2 Nbd7 6.Nbd2 Be7 7.O-O O-O 8.Qc2 Re8
9.e4 dxe4 10.Nxe4 Nxe4 11.Qxe4 Bf6 12.Rd1 Nb6 13.Qc2 Qe7 14.Bf4 c5 15.Be5 cxd4
16.Bxd4 Bxd4 17.Nxd4 e5 18.Nb5 Bg4 19.Rd2 Red8 20.Rxd8+ Qxd8 21.Bxb7 Rb8
22.Be4 g6 23.Nxa7 Qd7 24.Nc6 Rc8 25.Nxe5 Qe6 26.Nxg4 Rxc4 27.Qe2 Rxe4 28.Qxe4
{#r} 1-0

[Event "Memorial Jirasek (cat.7)"]
[Site "masterchessopen.com Rakovnik (Czech Republic)"]
[Date "2011.08.07"]
[Round "2"]
[White "Cernousek Lukas (CZE)"]
[Black "Palek Miroslav (GER)"]
[Result "1-0"]
[WhiteElo "2438"]
[BlackElo "2259"]

1.d4 d5 2.c4 e6 3.Nf3 c6 4.g3 Nd7 5.Qc2 Ngf6 6.Bg2 Be7 7.O-O O-O 8.Nbd2 b6
9.e4 dxe4 10.Nxe4 Bb7 11.Rd1 Qc8 12.Bg5 Re8 13.Nxf6+ Bxf6 14.c5 Qd8 15.Bxf6
Qxf6 16.Nd2 e5 17.Ne4 Qg6 18.Rac1 exd4 19.Nd6 d3 20.Qc3 Nxc5 21.Nxe8 Rxe8
22.b4 Ne4 23.Qxd3 f5 24.Qd7 Qf7 25.Qxf7+ Kxf7 26.Rd7+ Re7 27.Rxe7+ Kxe7 28.Re1
{#r} 1-0

[Event "It \"]
[Site "masterchessopen.com Sunningdale (England)"]
[Date "2011.08.13"]
[Round "6"]
[White "O`gorman Brendan (ENG)"]
[Black "Prior Stephen"]
[Result "0-1"]
[WhiteElo "1770"]
[BlackElo "1859"]

1.Nf3 Nf6 2.c4 e6 3.g3 d5 4.Bg2 c6 5.Qc2 Nbd7 6.O-O Be7 7.d4 O-O 8.Nbd2 b6
9.e4 dxc4 10.Nxc4 Ba6 11.Rd1 Bxc4 12.Qxc4 Rc8 13.Ne5 Nxe5 14.Bf4 Nxc4 {#R} 0-1

[Event "It (open)"]
[Site "masterchessopen.com Schwarzach (Austria)"]
[Date "2011.08.20"]
[Round "1"]
[White "Kunin Vitaly (GER)"]
[Black "Blasl Dietmar (AUT)"]
[Result "1-0"]
[WhiteElo "2562"]
[BlackElo "2106"]

1.d4 Nf6 2.Nf3 e6 3.g3 d5 4.c4 c6 5.Qc2 Nbd7 6.Bg2 Be7 7.O-O O-O 8.Nbd2 Re8
9.b3 Nf8 10.Bb2 Ng6 11.e4 dxe4 12.Nxe4 Nxe4 13.Qxe4 f5 14.Qe2 Bf6 15.Rad1 Qc7
16.Rfe1 Bd7 17.h4 Rad8 18.h5 Nf8 19.Bc1 c5 20.Bf4 Qa5 21.dxc5 Qxc5 22.Bd6 Qc8
23.Ne5 h6 24.Bc7 Bc6 25.Rxd8 Rxd8 26.Bxc6 bxc6 27.Bxd8 Qxd8 28.Qe3 c5 29.Rd1
Qe7 30.a3 {#r} 1-0

[Event "It (open)"]
[Site "masterchessopen.com Nikea (Greece)"]
[Round "7"]
[White "Jordanova Svetla (BUL)"]
[Black "Serefidou Despina (GRE)"]
[Result "1-0"]
[WhiteElo "2207"]
[BlackElo "1705"]

1.d4 Nf6 2.c4 e6 3.g3 d5 4.Nf3 Be7 5.Bg2 O-O 6.O-O c6 7.Qc2 Nbd7 8.Nbd2 b6
9.e4 dxe4 10.Nxe4 Bb7 11.Rd1 Qc8 12.Bf4 Nxe4 13.Qxe4 c5 14.d5 Re8 15.Qc2 exd5
16.cxd5 Rd8 17.Bh3 c4 18.Ne5 b5 19.Bxd7 Rxd7 20.Qf5 Rc7 21.Qxf7+ Kh8 22.Qh5
Bf6 23.Nf7+ Kg8 24.Nd6 Qd7 25.Nxb5 Qxb5 26.Bxc7 Bxb2 27.Rab1 c3 28.Be5 c2
29.Rxb2 Qxd5 30.Rxd5 c1=Q+ 31.Qd1 Qc6 32.Rxb7 {#r} 1-0

[Event "Ch Region"]
[Site "masterchessopen.com Kislovodsk (Russia)"]
[Date "2011.09.10"]
[Round "1"]
[White "Rozhko Dmitry (RUS)"]
[Black "Borisenko Vladislav"]
[Result "1-0"]
[WhiteElo "2406"]
[BlackElo "1908"]

1.Nf3 d5 2.d4 e6 3.g3 Nf6 4.Bg2 Be7 5.O-O O-O 6.c4 c6 7.Qc2 Nbd7 8.Nbd2 Re8
9.e4 dxe4 10.Nxe4 Nxe4 11.Qxe4 Nf6 12.Qc2 Qc7 13.Bf4 Bd6 14.Be5 Bxe5 15.dxe5
Nd7 16.Ng5 Nf8 17.f4 Rd8 18.Rad1 Bd7 19.c5 Be8 20.Ne4 Rxd1 21.Rxd1 Rd8 22.Rxd8
Qxd8 23.Nd6 b6 24.Qa4 bxc5 25.Qxa7 c4 26.a4 Bd7 27.a5 {#r} 1-0

[Event "It (open)"]
[Site "masterchessopen.com Istanbul (Turkey)"]
[Date "2011.09.12"]
[Round "2"]
[White "Sazci Bilgen (TUR)"]
[Black "Camci Ali Ammar (TUR)"]
[Result "1-0"]
[WhiteElo "1529"]
[BlackElo "1962"]

1.d4 d5 2.Nf3 Nf6 3.c4 e6 4.g3 c6 5.Qc2 Be7 6.Bg2 Nbd7 7.O-O O-O 8.Nbd2 b6
9.b3 Bb7 10.Bb2 Rc8 11.e4 dxe4 12.Nxe4 Nxe4 13.Qxe4 Nf6 14.Qe2 Re8 15.Rad1 Qc7
16.Rfe1 Bb4 17.Nd2 Nd7 18.a3 Bf8 19.Nf3 a6 20.Bc1 Nf6 21.b4 {#r} 1-0

[Event "It (open)"]
[Site "masterchessopen.com Cagliari (Italy)"]
[Date "2011.09.17"]
[Round "1"]
[White "Delorme Axel (FRA)"]
[Black "Massa Gianluca"]
[Result "1-0"]
[WhiteElo "2441"]
[BlackElo "1681"]

1.d4 d5 2.c4 e6 3.Nf3 Nf6 4.g3 Be7 5.Bg2 O-O 6.O-O Nbd7 7.Qc2 c6 8.Nbd2 Re8
9.e4 dxe4 10.Nxe4 Nxe4 11.Qxe4 Nf6 12.Qc2 c5 13.Rd1 cxd4 14.Nxd4 Qc7 15.Nb5
Qb8 16.c5 Bd7 17.Nd6 Bxd6 18.Rxd6 Qc8 19.Bf4 Nd5 20.Be5 Bc6 21.Qd2 f6 22.Bd4
e5 23.Bxd5+ Bxd5 24.Rxd5 exd4 25.Qxd4 Qe6 26.Rd6 Qe2 27.Rc1 Kf8 28.Rd7 Qb5
29.Qd6+ Kg8 30.Qd5+ Kh8 31.Qf7 Rg8 32.Rxb7 Qe2 33.Qc4 Qd2 34.c6 {#r} 1-0

[Event "It (open)"]
[Site "masterchessopen.com Goch (Germany)"]
[Date "2011.10.01"]
[Round "4"]
[White "Peter Laurenz"]
[Black "Hogerhorst Tony"]
[Result "0-1"]
[WhiteElo "1847"]
[BlackElo "1957"]

1.d4 d5 2.c4 e6 3.Nf3 Nf6 4.g3 c6 5.Bg2 Be7 6.O-O Nbd7 7.Qc2 O-O 8.Nbd2 Ng4
9.h3 Nh6 10.e4 dxe4 11.Nxe4 Nf5 12.Bf4 Nxd4 13.Nxd4 e5 14.Nxc6 bxc6 15.Bd2 f5
16.Nc3 Qc7 17.Nd5 cxd5 18.Bxd5+ Kh8 19.Bxa8 e4 20.Bf4 Qc5 21.Be3 Qc7 22.Qa4
Nc5 23.Bxc5 Bxc5 24.Qc6 Qxg3+ 25.Kh1 Qxh3+ 26.Kg1 Qg3+ 27.Kh1 Bxf2 28.Rxf2
Qxf2 29.Rg1 Qh4+ 30.Kg2 Rd8 31.Kf1 Qf4+ 32.Ke1 Qe3+ 33.Kf1 Qf3+ 34.Ke1 Rd1#
0-1

[Event "Tournament (juniors) \"]
[Site "masterchessopen.com Ufa (Russia)"]
[Date "2011.10.07"]
[Round "2"]
[White "Evstafiev Dmitry (RUS)"]
[Black "Garifullin Ildar (RUS)"]
[Result "0-1"]
[WhiteElo "1781"]
[BlackElo "1948"]

1.d4 d5 2.c4 e6 3.Nf3 Nf6 4.g3 Be7 5.Bg2 O-O 6.O-O Nbd7 7.Qc2 c6 8.Nbd2 Re8
9.b3 Bd6 10.Bb2 e5 11.cxd5 cxd5 12.dxe5 Nxe5 13.Nd4 Bg4 14.h3 Rc8 15.Qd1 Bh5
16.g4 Bg6 17.f4 Nfxg4 18.hxg4 Nxg4 19.Rf3 Qh4 20.Nf1 Be4 21.Qd2 Bxf3 22.Nxf3
Qf2+ 23.Kh1 Rxe2 {#R} 0-1

[Event "Ch Krasnodar Region"]
[Site "masterchessopen.com Novomikhailovsky (Russia)"]
[Date "2011.10.21"]
[Round "8"]
[White "Kashirin Ivan (RUS)"]
[Black "Panarin Vladimir (RUS)"]
[Result "1-0"]
[WhiteElo "1837"]
[BlackElo "2153"]

1.d4 Nf6 2.c4 e6 3.Nf3 d5 4.g3 c6 5.Bg2 Be7 6.O-O O-O 7.Nbd2 Nbd7 8.Qc2 Re8
9.Rd1 b6 10.e4 dxe4 11.Nxe4 Bb7 12.Ne5 Qc7 13.Nxf7 Kxf7 14.Ng5+ Kg8 15.Nxe6
Qd6 16.Re1 Bf8 17.Bh3 Qxd4 18.Nxd4 Rxe1+ 19.Bf1 c5 20.Qd2 Rae8 21.Nf5 Ne5
22.Nh4 Nxc4 23.Qc3 Ne5 24.Qxe1 {#r} 1-0

[Event "Memorial J.Capablanca (open)"]
[Site "masterchessopen.com Fortaleza (Brazil)"]
[Date "2011.11.24"]
[Round "6"]
[White "Lucena Silvio (BRA)"]
[Black "Ribeiro Orlando Alves (BRA)"]
[Result "1-0"]
[WhiteElo "2148"]
[BlackElo "1919"]

1.g3 Nf6 2.d4 e6 3.Bg2 d5 4.Nf3 Be7 5.O-O O-O 6.c4 c6 7.Nbd2 Nbd7 8.Qc2 b6
9.e4 dxe4 10.Nxe4 Bb7 11.Rd1 Nxe4 12.Qxe4 Nf6 13.Qe2 Qc8 14.Bh3 Rd8 15.Ne5 Qc7
16.Bf4 Bd6 17.c5 bxc5 18.dxc5 Bxe5 19.Bxe5 Qe7 20.Bd6 Qe8 21.Rd4 a5 22.Bg2 Nd5
23.Re1 Nb4 24.a3 Ba6 25.Qh5 Nd5 26.Qe5 Bb7 27.h4 Ne7 28.Bh3 Ng6 29.Qe3 Qd7
30.h5 Nf8 31.h6 Ng6 32.hxg7 Kxg7 33.Be5+ {#r} 1-0

[Event "Cup Belgrade (open)"]
[Site "masterchessopen.com Obrenovac (Serbia)"]
[Date "2011.11.30"]
[Round "7"]
[White "Cabrilo Goran (SRB)"]
[Black "Stavnjak Lazar (BIH)"]
[Result "1-0"]
[WhiteElo "2463"]
[BlackElo "2235"]

1.d4 d5 2.c4 e6 3.Nf3 Nf6 4.g3 c6 5.Nbd2 Nbd7 6.Bg2 Be7 7.O-O O-O 8.Qc2 c5
9.Rd1 cxd4 10.Nxd4 Qc7 11.Nb5 Qb6 12.a4 a6 13.a5 Qc6 14.Nd4 Qc7 15.cxd5 Qxc2
16.Nxc2 Nxd5 17.Nc4 b5 18.axb6 Rb8 19.Nd4 Bb7 20.Na5 Rfc8 21.Bf4 N7xb6 22.Bxb8
Rxb8 23.Ndc6 Bxc6 24.Nxc6 {#r} 1-0

[Event "Tournament (Elo) (b)"]
[Site "masterchessopen.com Budapest (Hungary)"]
[Date "2011.12.12"]
[Round "10"]
[White "Takacs Kevin"]
[Black "Breen Anthony (IRL)"]
[Result "1-0"]
[WhiteElo "1788"]
[BlackElo "1659"]

1.d4 d5 2.c4 e6 3.Nf3 Nf6 4.g3 c6 5.Bg2 Nbd7 6.O-O Be7 7.Qc2 O-O 8.Nbd2 b6
9.e4 dxe4 10.Nxe4 Bb7 11.Rd1 Qc8 12.Ne5 c5 13.Nxd7 Nxd7 14.d5 Bf6 15.dxe6 {#r}
1-0

[Event "It (open)"]
[Site "masterchessopen.com Batatais (Brazil)"]
[Date "2011.12.16"]
[Round "1"]
[White "Maia Luciano (BRA)"]
[Black "Pasqua Mauricio Coragem (BRA)"]
[Result "1-0"]
[WhiteElo "2282"]
[BlackElo "1674"]

1.c4 Nf6 2.g3 e6 3.Bg2 d5 4.Nf3 Be7 5.d4 c6 6.O-O O-O 7.Qc2 Nbd7 8.Nbd2 Re8
9.e4 dxe4 10.Nxe4 Nxe4 11.Qxe4 Nf6 12.Qc2 h6 13.b3 c5 14.Bb2 cxd4 15.Bxd4 Qa5
16.a3 Qf5 17.Qb2 Rd8 18.Rad1 Ne8 19.Rfe1 Qa5 20.Bc3 Qc7 21.Rxd8 Qxd8 22.Ne5
Bf6 23.Bf3 Qc7 24.Rd1 Nd6 25.Ng4 Bxc3 26.Qxc3 a5 27.Qe5 Ra6 28.c5 f6 29.cxd6
Qc2 30.d7 Bxd7 31.Qb8+ Qc8 32.Qxc8+ {#r} 1-0

[Event "It (open)"]
[Site "masterchessopen.com Aschach (Austria)"]
[Date "2011.12.29"]
[Round "5"]
[White "Schreiner Peter (AUT)"]
[Black "Lautner Josef (AUT)"]
[Result "1-0"]
[WhiteElo "2371"]
[BlackElo "2190"]

1.d4 d5 2.c4 e6 3.Nf3 c6 4.Qc2 Nf6 5.g3 Be7 6.Bg2 O-O 7.O-O Nbd7 8.Nbd2 b6
9.e4 Bb7 10.e5 Ne8 11.cxd5 exd5 12.Re1 Nc7 13.Nf1 Ne6 14.Ne3 g6 15.Ng4 h5
16.Ne3 c5 17.Bh3 Kg7 18.Ng2 Rh8 19.Bxe6 fxe6 20.h4 Qf8 21.Bg5 Qxf3 22.Nf4 Bxg5
23.Qxg6+ Kf8 24.Nxe6+ Ke7 25.Nxg5 Qf8 26.Qd6+ Ke8 27.Qc7 {#r} 1-0

[Event "It (open) (amateurs)"]
[Site "masterchessopen.com Arvier (Italy)"]
[Date "2012.01.02"]
[Round "1"]
[White "Barletta Mauro (ITA)"]
[Black "Bosticardo Tommaso"]
[Result "1-0"]
[WhiteElo "2237"]
[BlackElo "1774"]

1.Nf3 d5 2.c4 e6 3.g3 Nf6 4.Bg2 Be7 5.O-O O-O 6.d4 c6 7.Qc2 Nbd7 8.Nbd2 dxc4
9.Nxc4 Nd5 10.a3 N7f6 11.Bd2 Nb6 12.Ba5 Nfd7 13.Rfd1 Bf6 14.Nfe5 Qe7 15.Bb4 c5
16.Nxd7 cxb4 17.Nxf8 Qxf8 18.Nxb6 axb6 19.axb4 Rb8 20.Qc7 {#r} 1-0

[Event "It (open)"]
[Site "masterchessopen.com Krakow (Poland)"]
[Date "2012.01.02"]
[Round "7"]
[White "Radovic Stefan (SWE)"]
[Black "Rawicz Karol (POL)"]
[Result "0-1"]
[WhiteElo "2136"]
[BlackElo "2269"]

1.c4 e6 2.g3 Nf6 3.Bg2 d5 4.Nf3 Be7 5.O-O O-O 6.d4 c6 7.Nbd2 Nbd7 8.Qc2 b6
9.e4 Ba6 10.b3 Rc8 11.Bb2 Nxe4 12.Nxe4 dxe4 13.Qxe4 b5 14.Ne5 Nxe5 15.dxe5
bxc4 16.bxc4 Qa5 17.Rfe1 Rfd8 18.Bd4 Bc5 19.Red1 Bxc4 20.Bxc5 Qxc5 21.Rxd8+
Rxd8 22.Rc1 Rd2 23.Qxc6 Qxf2+ 24.Kh1 g6 25.Qf3 Qxf3 26.Bxf3 Bxa2 27.Rc7 a5
28.Kg1 Bd5 {#R} 0-1

[Event "It \"]
[Site "masterchessopen.com Schwaebisch Gmund (Germany)"]
[Date "2012.01.02"]
[Round "2"]
[White "Buhmann Rainer (GER)"]
[Black "Sadikovic Jasmin (BIH)"]
[Result "1-0"]
[WhiteElo "2617"]
[BlackElo "2112"]

1.Nf3 Nf6 2.c4 e6 3.g3 d5 4.d4 c6 5.Nbd2 Nbd7 6.Bg2 Be7 7.O-O O-O 8.Qc2 b6
9.e4 dxe4 10.Nxe4 Nxe4 11.Qxe4 Ba6 12.Qc2 Bf6 13.Bf4 Re8 14.Rad1 Bb7 15.h4 Rc8
16.Rfe1 Nf8 17.h5 g5 18.Bc1 h6 19.b3 Qc7 20.Ne5 c5 21.Bxb7 Qxb7 22.dxc5 Rxc5
23.Bb2 Bxe5 24.Bxe5 Nd7 25.Bb2 Qc8 26.Rd6 Rf5 27.Qc3 Nf6 28.Re5 {#r} 1-0

[Event "Ch Norway (team) 2011/12"]
[Site "masterchessopen.com Norway"]
[Date "2012.01.14"]
[Round "5"]
[White "Lie Espen (NOR)"]
[Black "Leer-Salvesen Bjarte (NOR)"]
[Result "1-0"]
[WhiteElo "2449"]
[BlackElo "2380"]

1.g3 Nf6 2.Bg2 d5 3.Nf3 c6 4.O-O Nbd7 5.d4 e6 6.Nbd2 Be7 7.c4 O-O 8.Qc2 b6
9.e4 Bb7 10.e5 Ne8 11.cxd5 cxd5 12.Re1 Rc8 13.Qb3 Ba6 14.Nf1 Nb8 15.Ne3 Nc6
16.Bd2 f6 17.exf6 Bxf6 18.Qa4 Bb7 19.Ng4 Qd7 20.Bh3 Nc7 21.Bf4 Kh8 22.Rac1 Be7
23.Nfe5 Nxe5 24.Qxd7 Nxd7 25.Rxc7 Rxc7 26.Bxc7 h5 27.Ne5 Nxe5 28.Rxe5 g5
29.Rxe6 Rf7 30.Be5+ Kh7 31.Bf5+ Kg8 32.Rg6+ Kf8 33.Be6 Rf3 34.Rg8# 1-0

[Event "It (open)"]
[Site "masterchessopen.com Prague (Czech Republic)"]
[Date "2012.01.17"]
[Round "6"]
[White "Vokac Marek (CZE)"]
[Black "Umanec Filip (CZE)"]
[Result "1-0"]
[WhiteElo "2471"]
[BlackElo "2185"]

1.d4 d5 2.c4 e6 3.Nf3 c6 4.Qc2 Nf6 5.g3 Nbd7 6.Bg2 Be7 7.O-O O-O 8.Nbd2 b6
9.e4 dxe4 10.Nxe4 Bb7 11.Nxf6+ Bxf6 12.Rd1 Qe7 13.Bf4 Rfd8 14.h4 Nf8 15.c5 b5
16.Bd6 Qe8 17.a4 a6 18.Re1 Be7 19.Bc7 Rdc8 20.Ba5 Nd7 21.Re2 Nf6 22.Rae1 h6
23.Bh3 Nd5 24.Ne5 Bd8 25.Bxd8 Qxd8 26.Nxf7 Kxf7 27.Bxe6+ {#r} 1-0